Statistics for Aviation METAR Decoding

Click here to take the quiz!

General Stats

  • This quiz has been taken 165 times
  • The average score is 10 of 20

Answer Stats

ABBREVIATIONAnswer% Correct
RARAIN
88%
BRMIST
87%
+RAHEAVY RAIN
80%
FUSMOKE
78%
OVCOVERCAST
75%
TSTHUNDERSTORMS
71%
CBCUMULONIMBUS
68%
-SNLIGHT SNOW
62%
SHSHOWERS
61%
FZRAFREEZING RAIN
58%
SKCSKY CLEAR
50%
VVVERTICAL VISIBILITY
48%
PLICE PELLETS
42%
RVRRUNWAY VISUAL RANGE
42%
SSSAND STORM
42%
FCFUNNEL CLOUD
36%
SLPSEA LEVEL PRESSURE
33%
TCUTOWERING CUMULUS
33%
UPUNKNOWN PRECIPITATION
27%
PRESFRPRESSURE FALLING RAPIDLY
17%
AUTOAUTOMATED REPORT
15%
PODUST WHIRLS
9%

Score Distribution

Percentile by Number Answered

Percent of People with Each Score

Your Score History

You have not taken this quiz